|
|
|
|
| LEADER |
00000cam a2200000 a 4500 |
| 001 |
vtls008243842 |
| 003 |
SK-MaSNL |
| 005 |
20260302003434.0 |
| 008 |
230501s1987 xo frn 000 0 slo |
| 015 |
|
|
|a SNBA1987
|
| 020 |
|
|
|q (viazané)
|
| 035 |
|
|
|a urn:nbn:sk:snk-am00ikfj
|
| 035 |
|
|
|a 45544D50-EA68-4003-8A19-6700E5BDB46D
|
| 040 |
|
|
|a SNK
|b slo
|c SNK
|e AACR2
|
| 041 |
1 |
|
|a slo
|h rus
|
| 044 |
|
|
|a xo
|c SK
|
| 072 |
|
7 |
|a 5
|x Prírodné vedy. Matematické vedy
|2 konspekt
|
| 072 |
|
7 |
|a 101
|x Filozofia
|2 konspekt
|
| 080 |
|
|
|a 1:001
|2 2011
|
| 080 |
|
|
|a 001.11
|2 2011
|
| 080 |
|
|
|a 5
|2 2011
|
| 080 |
|
|
|a (048.8)
|2 2011
|
| 080 |
|
|
|a 5:1
|2 2011
|
| 130 |
0 |
|
|a Filosofskije problemy jestestvoznanija
|l Slovensky
|9 642116
|
| 245 |
1 |
0 |
|a Filozofické otázky prírodných vied
|b [učebný text pre vysoké školy]
|c [ B.V. Biriukov ... [et al.] ; z ruského originálu Filosofskije problemy jestestvoznanija ... preložili Zuzana Kiczková, Daniel Olejár, Juraj Šebesta]]
|
| 250 |
|
|
|a 1. vyd.
|
| 260 |
|
|
|a Bratislava
|b Pravda
|c 1987
|
| 300 |
|
|
|a 323 strán
|c 21 cm
|
| 366 |
|
|
|e 3000 výtl.
|
| 504 |
|
|
|a Obsahuje bibliografické odkazy
|
| 650 |
0 |
7 |
|a filozofia a veda
|2 SNKPH
|9 67678
|
| 650 |
0 |
7 |
|a filozofia vedy
|2 SNKPH
|9 808
|
| 650 |
0 |
7 |
|a prírodné vedy
|2 SNKPH
|9 694
|
| 650 |
0 |
7 |
|a filozofia prírodných vied
|2 SNKPH
|9 84742
|
| 655 |
|
7 |
|a monografie
|2 SNKPH
|9 70139
|
| 700 |
1 |
|
|a Kiczková, Zuzana,
|d 1951-
|4 trl
|9 92452
|
| 700 |
1 |
|
|a Olejár, Daniel,
|d 1957-
|4 trl
|9 262091
|
| 700 |
1 |
|
|a Šebesta, Juraj,
|d 1942-
|4 trl
|9 100739
|
| 700 |
1 |
|
|a Birjukov, Boris Vladimirovič,
|d 1922-
|4 aut
|9 642117
|
| 852 |
|
|
|a Slovenská národná knižnica
|
| 954 |
|
|
|a odborná, vedecká literatúra cudzojazyčná (svetová)
|2 lita
|
| 958 |
|
|
|a OND
|
| 958 |
|
|
|a OP
|
| 958 |
|
|
|a NB
|
| 958 |
|
|
|a EUIPO
|
| 968 |
|
|
|b RUS
|
| 999 |
|
|
|c 992016
|d 993946
|
| 952 |
|
|
|a SNK
|b SNK
|y VYP
|7 0
|p 17A0500173
|o snkSC 69621 D1
|i snkKSP 8052/87
|0 0
|1 0
|4 0
|d 2006-03-09
|l 0
|r 2026-02-24 11:52:45
|w 2026-02-24
|
| 952 |
|
|
|a SNK
|b SNK
|y PREZ
|7 0
|p 17A0967385
|o snkSC 69621
|i snkKSP 8051/87
|0 0
|1 0
|4 0
|d 2012-09-14
|f 1
|l 0
|r 2025-07-17 00:00:00
|w 2026-02-24
|